|
|
|
|
| LEADER |
00000cam a2200000 a 4500 |
| 001 |
vtls008368371 |
| 003 |
SK-MaSNL |
| 005 |
20260302052728.0 |
| 008 |
250313q1945 xo 000 j slo |
| 015 |
|
|
|a SNBA19451955-001967
|
| 020 |
|
|
|q (brož.)
|
| 035 |
|
|
|a SK01SNKBKSFS20020060588
|
| 035 |
|
|
|a urn:nbn:sk:snk-am3hu40
|
| 035 |
|
|
|a B80747D8-ACA3-4CF2-9FD8-806B5B508305
|
| 035 |
|
|
|a urn:nbn:sk:snk-am00d9e3
|
| 035 |
|
|
|a SKM000063051
|
| 040 |
|
|
|a SNK
|b slo
|c SNK
|e AACR2
|
| 041 |
1 |
|
|a slo
|h mul
|
| 044 |
|
|
|a xo
|c SK
|
| 080 |
|
|
|a 885.4-3
|2 1981
|
| 245 |
0 |
0 |
|a Pilný a lenivý rybár
|c sosbieral a upravil Strýčko Janko
|
| 260 |
|
|
|a Bratislava
|b František Jurák
|c [1945]
|e Bratislava
|f C.F. Wigand
|
| 300 |
|
|
|a 32 s.
|b ilustr.
|c 18 cm
|
| 490 |
1 |
|
|a Rozprávky a povesti z celého sveta
|v č. 67
|
| 500 |
|
|
|a Názov z obálky
|
| 655 |
|
7 |
|a rozprávky
|2 SNKPH
|9 70597
|
| 655 |
|
7 |
|a povesti
|2 SNKPH
|9 70552
|
| 655 |
|
7 |
|a literatúra pre deti
|2 SNKPH
|9 87135
|
| 700 |
0 |
|
|a Strýčko Janko,
|d 1877-1951
|4 adp
|4 com
|9 178211
|
| 700 |
1 |
2 |
|a Slovanov, Ján P.
|t Podivné sú cesty, ktorými kráčame
|4 aut
|9 709899
|
| 700 |
1 |
2 |
|a Volfová, Mária
|t Čo dokázala kominárska štetka
|4 aut
|9 709900
|
| 740 |
0 |
2 |
|a Pilný a lenivý rybár
|
| 740 |
0 |
2 |
|a Ako ježko vyhral stávku so zajacom
|
| 740 |
0 |
2 |
|a Mravec Čin-čin
|
| 830 |
|
0 |
|a Rozprávky a povesti z celého sveta
|9 309519
|
| 852 |
|
|
|a Slovenská národná knižnica
|
| 954 |
|
|
|a beletria pôvodná (slovenská)
|2 lita
|
| 954 |
|
|
|a beletria cudzojazyčná (svetová)
|2 lita
|
| 958 |
|
|
|a RK
|
| 958 |
|
|
|a TL
|
| 958 |
|
|
|a OND
|
| 999 |
|
|
|c 1106402
|d 1108332
|
| 952 |
|
|
|a SNK
|b SNK
|y PREZ
|7 0
|p 17A1242530
|o snkSD 5674/32/prív.7
|i snk1428/56
|0 0
|1 0
|4 0
|d 2018-11-13
|f 1
|l 0
|r 2025-11-13 00:00:00
|w 2026-02-24
|